000 00576nam a2200181 4500
001 111452
003 ES-MaACL
005 20230906185314.0
007 t|
008 061121s1965 sp r ||||1| spa d
100 1 _aNemeseri, L.
_985376
245 1 0 _aDiagnóstico parasitológico veterinario /
_cDr. L. Nemeseri y Dr. F. Holló; traducido por Jaime Esain Escobar.
260 _aZaragoza :
_bAcribia,
_c1965.
300 _aXII, 303 p. :
_bil. ;
_c22 cm.
700 0 _aEsaín Escobar, Jaime.
_947449
700 1 _aHolló, F.
_964038
852 _aES-MaACL
_jC-29978
_bR.60280
999 _c111452
_d111452